| 000 | 00392pam a2200145 a 4500 | ||
|---|---|---|---|
| 020 | _c | ||
| 041 | _h | ||
| 100 |
_aBRIAN COOPER, BRIAN FLOODY, _eAuthor |
||
| 245 |
_aSTART & RUN A SUCCESSFUL RESTAURANT _cBRIAN COOPER, BRIAN FLOODY, _hTextual Documents |
||
| 260 | _boxford Uni Press | ||
| 300 | _a214 | ||
| 653 | _ahotel manaemant | ||
| 700 |
_aGINA MC NELL _eCo-Author |
||
| 930 | _a4430 | ||
| 999 |
_c231827 _d231827 |
||